000 00537nam a22001817a 4500
005 20180827170732.0
010 _aB-083341
020 _a0852263074
035 _aB-083341
037 _bNew Age International Publishers
082 _a547.7
100 _aGowariker, V R
245 _aPolymer Science/
_cby V R Gowariker
260 _aNew Delhi
_bNew Age International Publishers
_c2003
300 _a503p.
_c23cm.(Pbk)
942 _2ddc
_cEN
_h547.7
_mGOW
999 _c156447
_d156447